Province Quiz - New Brunswick - Statistics

General Stats
  • This quiz has been taken 723 times
    660 since last reset
  • The average score is 11 of 20
Answer Stats
Hint Answer % Correct
U.S. state New Brunswick borders Maine
92%
New Brunswick was originally part of this province until 1784 Nova Scotia
83%
Capital city Fredericton
82%
Bay that has world's highest tides Bay of Fundy
81%
Most populous city Moncton
74%
Shediac is considered to be "world's capital" of this seafood Lobster
73%
Group of three provinces New Brunswick is part of The {Maritime}s
73%
Canada's first incorporated city Saint John
66%
Harland is home to world's longest covered of these structures Bridge
57%
Gulf on the east coast Gulf of {Saint} {Lawrence}
57%
Country where you would find the original Brunswick Germany
56%
Historical French colony New Brunswick war part of Acadia
54%
Animal or object on its flag Lion / Ship
53%
Bridge that links New Brunswick to Prince Edward Island {Confederation} Bridge
52%
Mountain range in northwestern New Brunswick Appalachians
45%
Canada's first of these whose main language is English was opened in the capital in 1785 University
35%
British PM who was born in Rexton and lived many years in New Brunswick Andrew Bonar {Law}
23%
Province flower Purple Violet
15%
Actor of "M*A*S*H" Donald Sutherland
14%
Western Hemisphere's largest tidal whirlpool Old {Sow}
10%
No matching quizzes found
Score Distribution
Percent of People with Each Score
Percentile by Number Answered
Your Score History
You have not taken this quiz since the last reset